| 000 | 00877cad a22002055a 4500 | ||
|---|---|---|---|
| 001 | L158981 | ||
| 008 | 151119s2015 xxk f 000 0 eng d | ||
| 035 | _a(Sirsi) u158981 | ||
| 041 | 0 | _aeng | |
| 110 | 2 |
_aNational Trust _91987 |
|
| 245 | 0 | 0 |
_aShifting shores _bPlaying our part at the coast |
| 260 | _c2015 | ||
| 520 | _aReport investigates the need for adaptation to climate change along the coast. Calls for a bold and imaginative approach to coastline management, involving an understanding of how nature works. Also urges people to see coastal adaptation as a positive force for good, to act across boundaries and to join forces with partners and people to work more closely with communities. | ||
| 590 | _aKA | ||
| 651 | 4 | _aENGLAND AND WALES | |
| 651 | 4 |
_aNorthern Ireland _y2007- |
|
| 690 |
_aEnvironment _96238 |
||
| 690 |
_aSustainability _96271 |
||
| 942 | _n0 | ||
| 999 |
_c115612 _d115612 |
||